Norman Podhoretz and Commentary Magazine (Record no. 99584)
[ view plain ]
| 000 -LEADER | |
|---|---|
| fixed length control field | 01416nam a2200349Ia 4500 |
| 100 1# - MAIN ENTRY--AUTHOR NAME | |
| Personal name | Abrams, Nathan. |
| 245 10 - TITLE STATEMENT | |
| Title | Norman Podhoretz and Commentary Magazine |
| 260 ## - PUBLICATION, DISTRIBUTION, ETC. (IMPRINT) | |
| Place of publication | New York : |
| Name of publisher | Continuum, |
| Year of publication | c2010. |
| 300 ## - PHYSICAL DESCRIPTION | |
| Number of Pages | vii, 367 p. |
| 650 #0 - SUBJECT ADDED ENTRY--TOPICAL TERM | |
| Topical Term | Conservatives |
| Topical Term | Conservatism |
| Topical Term | Editors |
| Topical Term | Intellectuals |
| 856 40 - ELECTRONIC LOCATION AND ACCESS | |
| Uniform Resource Identifier | http://site.ebrary.com/lib/rucke/Doc?id=10373295 |
No items available.
